Russia's Unfriendly Countries - Sudden Death - Statistics

General Stats
  • This quiz has been taken 62 times
  • The average score is 3 of 15
Answers on the Grid
Answers color-coded by a green-red scale on the quiz's grid according to % correct below.
Andorra
Japan
South Korea
Australia
New Zealand
Netherlands
Switzerland
Liechtenstein
Bahamas
Greece
Singapore
Slovakia
North Macedonia
Hungary
San Marino
Vatican City
Finland
Sweden
Moldova
Türkiye
Cuba
Haiti
Jamaica
Albania
Serbia
Kosovo
Fiji
Tuvalu
Indonesia
Brunei
 
Answer Stats
Answer % Correct
Australia
42%
Japan
35%
South Korea
35%
Netherlands
32%
Greece
29%
Switzerland
29%
Hungary
19%
Andorra
13%
New Zealand
13%
San Marino
10%
Bahamas
6%
North Macedonia
6%
Singapore
6%
Slovakia
6%
Liechtenstein
3%
No matching quizzes found
Score Distribution
Percent of People with Each Score
Percentile by Number Answered
Your Score History
You have not taken this quiz